000 01050nam a2200265Ia 4500
003 OSt
005 20221005110513.0
006 a|||||r|||| 00| 0
007 ta
008 221004b |||||||| |||| 00| 0 hin d
020 _a8121402794
_c200
024 _a86681
037 _b34574, 26/03/2007, Metropolitan Book Co. (P) Ltd.
_cTextual
040 _aCRL
_cCRL
_bhin
041 _2hin
_ahin
082 _aO152,2:g, P4
100 _aभूषण, पाण्डेय विनय
245 0 _aहिंदी के नये नाटकों में प्रयोगतत्व
246 _aHiandī ke naye nāṭakoan mean prayogatatva
260 _aनई दिल्ली
_bनेशनल पब्लिशिंग हाउस भारत
_c2004
300 _a148पृ0
_ccm.
650 _aहिन्दी साहित्य
942 _hO152,2:g, P4
_cTEXL
_2cc
999 _c1019026
_d1019026